Регионална библиотека "Любен Каравелов" - Русе

Социалистическият реализъм : нови изследвания (Запис номер 85695)

MARC детайли
000 -Лидер
Контролно поле с фиксирана дължина 02417nam a2200493 a 4500
003 - Код на организацията, давaща контролен номер
Контролно поле BLK
005 - Дата и час на последна редакция
Контролно поле 20241216112108.0
008 - Елементи от данни с фиксирана дължина
fixed length control field 180408b bul|||||r ||||||| ||bul||
010 ## - Наследен системен номер
LC control number KNG00090297000
020 ## - Международен стандартен номер на книга ISBN
Международен стандартен номер на книга ISBN 978-954-535-543-1
040 ## - Източник на каталожния запис
Идентификатор на билиотеката - собственик на записа BLK
041 ## - Код за език
Код за езика на текст/звукозапис или на отделно заглавие Български
Код за езика КДБФ Български
080 ## - УДК
Текстов определител УДК Българска литература
УДК код - определител по УДК 821.163.2
УДК определител .015
УДК - код + определител 821.163.2.015
080 ## - УДК
Текстов определител УДК Българска литература
УДК код - определител по УДК 821.163.2
УДК определител (091)
УДК - код + определител 821.163.2(091)
080 ## - УДК
Текстов определител УДК Реалистични направления в изкуството.Социалистически реализъм.Критически реализъм.Натурализъм
УДК код - определител по УДК 7.036.1
УДК определител (497.2)
УДК - код + определител 7.036.1(497.2)
139 ## - Редно поле
Редна дума Социалистическият реализъм : нови изследвания
Авторски знак Соц - С 54
245 10 - Сведения за заглавието
Заглавие Социалистическият реализъм : нови изследвания
Редно поле (дума) състав. Пламен Иванов Дойнов.
257 ## - Страна на издаване
Страна на създаване/издаване България
260 ## - Област на издателските данни
Име на издателя, разпространителя и проч. Нов бълг. унив.
Година на издаване 2008
Печатница Бургас : Селекта
Място на издаване, разпространение и проч. София
300 ## - Физическа характеристика
Страници 368 с.
Илюстрации и др. с ил.
Размери/Мащаб 20 см
380 ## - Жанр
Жанр Литературознание
490 ## - СЕРИИ (Колекции)
Име на серия Поредица Литературата на НРБ : история и теория
№: серия Кн. 1
500 ## - Общи забележки
Забележка Библиогр. с. 364-367.
504 ## - Забележка за наличие на библиография и др
Забележка за наличие на библиография и под. 364-367
650 #4 - Допълнително описание по предмет – тема
Основно описание – тема или топоним Социалистически реализъм - в литературата
9 (RLIN) 277607
650 #4 - Допълнително описание по предмет – тема
Основно описание – тема или топоним Българска литература - художествен метод, направления, стилове и школи
9 (RLIN) 284314
650 #4 - Допълнително описание по предмет – тема
Основно описание – тема или топоним Изкуство, съвременно - художествен метод, направления, стилове и школи
9 (RLIN) 276318
651 #4 - Допълнително описание по предмет - топоним
Географско понятие България
9 (RLIN) 241624
653 ## - Ключова дума – ненормативна
Ключова дума българска литература
653 ## - Ключова дума – ненормативна
Ключова дума социалистически реализъм
653 ## - Ключова дума – ненормативна
Ключова дума история на литературата
653 ## - Ключова дума – ненормативна
Ключова дума литературна критика
653 ## - Ключова дума – ненормативна
Ключова дума кино
653 ## - Ключова дума – ненормативна
Ключова дума театър
653 ## - Ключова дума – ненормативна
Ключова дума изобразително изкуство
700 ## - Други автори (авторска отговорност)
Лично име Дойнов, Пламен Иванов
9 (RLIN) 369012
852 ## - Местоположение
Форматна сигнатура Цб 244552
Фондова буква Хранилище
856 4# - Електронен адрес и достъп
Електронен формат pdf - файл
856 4# - Електронен адрес и достъп
Електронен формат pdf - файл
942 ## - АРТИКУЛИ
Вид на библиотечния материал Книги
Скрит в OPAC Не
Koha issues (borrowed), all copies 2
944 ## - СЪЗДАВАНЕ И РЕДАКЦИЯ на ЗАПИСА
Създаване/Редакция Създаване
Дата на регистрацията/редакция 30.06.2009
Статус, дата на статуса Кети Илиева
Служител, извършил регистрацията/редакцията 30550
944 ## - СЪЗДАВАНЕ И РЕДАКЦИЯ на ЗАПИСА
Създаване/Редакция Редакция
Дата на регистрацията/редакция 06.10.2016
Статус, дата на статуса ф /
Служител, извършил регистрацията/редакцията Геновева_Генчева
999 ## - СИСТЕМНИ КОНТРОЛНИ НОМЕРА
Koha biblionumber 85695
Koha biblioitemnumber 85695
999 ## - СИСТЕМНИ КОНТРОЛНИ НОМЕРА
Koha biblioitemnumber 85695
Наличности
Код за отписване Код за изгубен артикул Източник на класификационната схема Код за повреда Коз за рестрикции Код за отдаване Артикулен № Име на библиотеката - собственик Име на библиотеката, в която се намира в момента Статус (Текущо местоположение) Дата на вписване в системата Местоположение - отдел Цена в лева Инвентарен номер Систематично азбучна сигнатура Баркод Номер на екземпляра Цена в евро Служебна бележка Служебен тип на артикула
  Не е изгубен Universal Decimal Classification Не е повреден без рестрикции заемане за дома 138937 Регионална библиотека "Любен Каравелов" Русе Регионална библиотека "Любен Каравелов" Русе Заемна - подръчен фонд 2009-06-29 Заемна - подръчен фонд 10.00 120000736610 821.163.2/С 54 120000736610 1 5.11 Дост: DA Вид: А N: 7 Дата: 29.06.2009 Дата инв: 08.02.2018 Бележки инв: П2018 Книги
  Не е изгубен Universal Decimal Classification Не е повреден без рестрикции заемане за дома 138938 Регионална библиотека "Любен Каравелов" Русе Регионална библиотека "Любен Каравелов" Русе Отдел Изкуство - подръчен фонд 2009-07-06 Отдел Изкуство - подръчен фонд 10.00 120000736760 8/С 54 120000736760 2 5.11 Дост: Pk Вид: Ф N: 19075 Дата: 01.07.2009 Дата инв: 08.06.2012 Бележки инв: * Книги
  Не е изгубен Universal Decimal Classification Не е повреден само за читалня ползва се в читалня 138939 Регионална библиотека "Любен Каравелов" Русе Регионална библиотека "Любен Каравелов" Русе Хранилище 2011-07-15 Хранилище 10.00 120000751937 Цб 244552 120000751937 3 5.11 Дост: Dp Вид: Д N: 5 Дата: 31.01.2011 Книги
Vip Innovations Ltd, Rousse, Bulgaria 2025